<?xml version="1.0" encoding="UTF-8"?><?xml-stylesheet type="text/xsl" href="static/style.xsl"?><OAI-PMH xmlns="http://www.openarchives.org/OAI/2.0/" xmlns:xsi="http://www.w3.org/2001/XMLSchema-instance" xsi:schemaLocation="http://www.openarchives.org/OAI/2.0/ http://www.openarchives.org/OAI/2.0/OAI-PMH.xsd"><responseDate>2026-04-17T05:52:52Z</responseDate><request verb="GetRecord" identifier="oai:www.recercat.cat:10230/60905" metadataPrefix="marc">https://recercat.cat/oai/request</request><GetRecord><record><header><identifier>oai:recercat.cat:10230/60905</identifier><datestamp>2025-12-18T01:07:34Z</datestamp><setSpec>com_2072_6</setSpec><setSpec>col_2072_452952</setSpec></header><metadata><record xmlns="http://www.loc.gov/MARC21/slim" xmlns:dcterms="http://purl.org/dc/terms/" xmlns:xsi="http://www.w3.org/2001/XMLSchema-instance" xmlns:doc="http://www.lyncode.com/xoai" xsi:schemaLocation="http://www.loc.gov/MARC21/slim http://www.loc.gov/standards/marcxml/schema/MARC21slim.xsd">
   <leader>00925njm 22002777a 4500</leader>
   <datafield ind2=" " ind1=" " tag="042">
      <subfield code="a">dc</subfield>
   </datafield>
   <datafield ind2=" " ind1=" " tag="720">
      <subfield code="a">Díaz Rodríguez, Lourdes, 1964-</subfield>
      <subfield code="e">author</subfield>
   </datafield>
   <datafield ind2=" " ind1=" " tag="720">
      <subfield code="a">Lucha Cuadros, Rosa Maria</subfield>
      <subfield code="e">author</subfield>
   </datafield>
   <datafield ind2=" " ind1=" " tag="720">
      <subfield code="a">Soler Onís, Yolanda</subfield>
      <subfield code="e">author</subfield>
   </datafield>
   <datafield ind2=" " ind1=" " tag="260">
      <subfield code="c">2024-08-26T06:36:53Z</subfield>
   </datafield>
   <datafield ind2=" " ind1=" " tag="260">
      <subfield code="c">2024-08-26T06:36:53Z</subfield>
   </datafield>
   <datafield ind2=" " ind1=" " tag="260">
      <subfield code="c">2023</subfield>
   </datafield>
   <datafield ind2=" " ind1=" " tag="520">
      <subfield code="a">El objetivo de este trabajo es mostrar los resultados de una investigación acerca de cómo evoluciona la competencia discursiva en el aula de ELE en dos géneros textuales concretos, relato y exposición-explicación, en los niveles B1 y B2 del MCER, basándonos en el uso de corpus de L1 y L2. Los datos proceden, en el relato, de un corpus de 208 producciones de 70 aprendices no nativos de B1 y de 55 nativos de dos estudios, uno longitudinal (mediante aprendizaje incidental), y otro transversal. En el género expositivo-argumentativo, estudio transversal, con 20 sujetos nativos y 15 no nativos (de B2), el trabajo centrado en el foco en la forma acerca los resultados a los de los nativos. Las medidas de densidad léxica y de fluidez sitúan la diferencia en los aspectos cuantitativos para el relato en el nivel B1. Asimismo, se prueba que el uso de una metodología focalizadora en B2 contribuye a mejorar e incluso superar los resultados de los nativos. A nivel didáctico, se observa la utilidad del trabajo textual-funcional de los géneros en el aula y del papel positivo del uso de corpus para proporcionar modelos realistas como input e instrumento de evaluación.</subfield>
   </datafield>
   <datafield tag="653" ind2=" " ind1=" ">
      <subfield code="a">Competencia discursiva</subfield>
   </datafield>
   <datafield tag="653" ind2=" " ind1=" ">
      <subfield code="a">Escritura en L2</subfield>
   </datafield>
   <datafield tag="653" ind2=" " ind1=" ">
      <subfield code="a">Corpus de aprendices</subfield>
   </datafield>
   <datafield tag="653" ind2=" " ind1=" ">
      <subfield code="a">Narrativas en L2</subfield>
   </datafield>
   <datafield tag="653" ind2=" " ind1=" ">
      <subfield code="a">Género expositivo-argumentativo en L2</subfield>
   </datafield>
   <datafield ind2="0" ind1="0" tag="245">
      <subfield code="a">Escribir en español como lengua primera y extranjera (L2/LE): cómo tomarle las medidas a la competencia discursiva a través de los géneros discursivos y los corpus</subfield>
   </datafield>
</record></metadata></record></GetRecord></OAI-PMH>